A Valódiság elvének érvényesülése a magyar számviteli szabályozásban

Bibliográfiai részletek
Szerző: Gőbel Marilen
További közreműködők: Simon Dr. Szilvia
Dokumentumtípus: Diplomadolgozat
Kulcsszavak:valódiság elve
értékelési elvek
számviteli politika
Online Access:http://dolgozattar.uni-bge.hu/9184

MARC

LEADER 00000nta a2200000 i 4500
001 dolg9184
005 20161217090344.0
008 161217suuuu hu om 000 hun d
040 |a BGE Dolgozattár Repozitórium  |b hun 
041 |a hu 
100 1 |a Gőbel Marilen 
245 1 2 |a A Valódiság elvének érvényesülése a magyar számviteli szabályozásban  |c Gőbel Marilen  |h [elektronikus dokumentum] 
695 |a valódiság elve 
695 |a értékelési elvek 
695 |a számviteli politika 
700 1 |a Simon Dr. Szilvia  |e ths 
856 4 0 |u http://dolgozattar.uni-bge.hu/9184/1/Gobel_Marilen_Szakdolgozat_2016_Valodosag_elve.pdf  |z Dokumentum-elérés